00908nam a22002177a 450000500170000001000190001702000480003602000430008402000430012703500170017003700130018708200180020010000250021824500870024325000990033026000310042927000850046030000640054550000190060950500620062820140115115045.0 aENG-109009-010 a9789351430535(set)c3195.00(set of 2 vols.) a9789351430360c3195.00(set of 2 vols.) a9789351430377c3195.00(set of 2 vols.) aEN-92542-543 bDBAD/PUB a344.540189143 aPatel, Vithalbhai B. aLaw on industrial disputes :bby Vithalbhai B. Patelcwith central & state rules / a4th updated ed by Gyanendran Saran in collabration with Deepak V. Patel [and] Devendra Chauhan aGurgaonbLexis Nexisc2014 a14th floor, Building No 10, Tower-B, DLF Cyber City, Phase-ll, bGurgaone122002 a2V.(cccxxiv,1053,1-64p.; Lxiii,1054-2280; 1-64p.)c25cm(Hb) aIncludes index av.1-Sections 1-21 ; v.2.-sections 22 to end & appendices